000 00434cam a2200169 4500
001 L131092
008 050927n2006 000 0 eng u
020 _a0471742775
035 _a(Sirsi) u131092
100 _aMeredith, Jack
245 _aProject management: a managerial approach
250 _a6th ed
260 _aJohn Wiley & Sons Inc
_c2006
350 _a35.95
520 _aDue for publication October 2006
942 _n0
999 _c104638
_d104638